[Event "Fide"]
[Site "?"]
[Date "2019.12.31"]
[Round "9.17"]
[White "Koziorowicz, Michal"]
[Black "Malicka, Maria"]
[Result "1/2-1/2"]
[BlackElo "2104"]
[WhiteElo "2184"]
[LiveChessVersion "1.4.8"]

1. e4 {[%clk 1:26:07]} c5 {[%clk 1:30:54]} 2. Nf3 {[%clk 1:26:32]} d6
{[%clk 1:31:20]} 3. d4 {[%clk 1:26:56]} cxd4 {[%clk 1:31:47]} 4. Nxd4
{[%clk 1:27:21]} Nf6 {[%clk 1:32:10]} 5. Nc3 {[%clk 1:27:46]} a6 {[%clk 1:32:35]}
6. f3 {[%clk 1:28:10]} e5 {[%clk 1:32:39]} 7. Nb3 {[%clk 1:28:36]} Be6
{[%clk 1:32:52]} 8. Be3 {[%clk 1:29:01]} h5 {[%clk 1:33:07]} 9. Qd2
{[%clk 1:29:18]} Nbd7 {[%clk 1:33:18]} 10. O-O-O {[%clk 1:29:39]} Rc8
{[%clk 1:33:09]} 11. Kb1 {[%clk 1:30:02]} Be7 {[%clk 1:30:15]} 12. h4
{[%clk 1:28:06]} Nb6 {[%clk 1:20:52]} 13. Bg5 {[%clk 1:28:14]} Nh7
{[%clk 1:14:40]} 14. Bxe7 {[%clk 1:26:56]} Kxe7 {[%clk 1:14:58]} 15. Be2
{[%clk 1:15:15]} Nf6 {[%clk 1:05:17]} 16. g4 {[%clk 1:12:08]} Qc7
{[%clk 1:04:44]} 17. g5 {[%clk 1:09:06]} Nfd7 {[%clk 1:03:42]} 18. f4
{[%clk 1:06:54]} exf4 {[%clk 0:49:44]} 19. Qxf4 {[%clk 1:03:53]} Ne5
{[%clk 0:49:40]} 20. Nd4 {[%clk 0:59:52]} Qc5 {[%clk 0:38:58]} 21. Nf5+
{[%clk 0:55:08]} Bxf5 {[%clk 0:38:38]} 22. exf5 {[%clk 0:55:21]} f6
{[%clk 0:29:36]} 23. gxf6+ {[%clk 0:55:07]} gxf6 {[%clk 0:30:01]} 24. Qd2
{[%clk 0:37:34]} Nbc4 {[%clk 0:25:04]} 25. Bxc4 {[%clk 0:37:14]} Nxc4
{[%clk 0:25:17]} 26. Qe2+ {[%clk 0:32:12]} Ne5 {[%clk 0:20:17]} 27. Ne4
{[%clk 0:29:07]} Qc4 {[%clk 0:19:53]} 28. Qxc4 {[%clk 0:29:27]} Rxc4
{[%clk 0:19:13]} 29. Nxd6 {[%clk 0:29:42]} Rb4 {[%clk 0:16:00]} 30. Rhg1
{[%clk 0:26:45]} Ng4 {[%clk 0:14:33]} 31. c3 {[%clk 0:25:21]} Rf4
{[%clk 0:11:04]} 32. Rge1+ {[%clk 0:24:18]} Ne5 {[%clk 0:10:55]} 33. Nxb7
{[%clk 0:23:25]} Rxh4 {[%clk 0:07:49]} 34. Nc5 {[%clk 0:23:27]} Rc8
{[%clk 0:04:14]} 35. Nxa6 {[%clk 0:19:11]} Rf4 {[%clk 0:04:30]} 36. Nb4
{[%clk 0:17:02]} Rxf5 {[%clk 0:04:31]} 37. a4 {[%clk 0:14:26]} h4
{[%clk 0:04:22]} 38. a5 {[%clk 0:14:19]} h3 {[%clk 0:03:09]} 39. a6
{[%clk 0:14:34]} Ra8 {[%clk 0:02:59]} 40. Nc6+ {[%clk 0:14:04]} Kf7
{[%clk 0:02:56]} 41. Nxe5+ {[%clk 0:14:18]} fxe5 {[%clk 0:01:57]} 42. Rd6
{[%clk 0:11:33]} Rf6 {[%clk 0:01:38]} 43. Rd7+ {[%clk 0:11:13]} Ke6
{[%clk 0:01:46]} 44. Rh7 {[%clk 0:11:38]} Rxa6 {[%clk 0:01:49]} 45. Rxh3
{[%clk 0:11:54]} Rd6 {[%clk 0:01:00]} 46. Rh8 {[%clk 0:10:54]} Kd5
{[%clk 0:00:55]} 47. Re8 {[%clk 0:09:09]} Rfe6 {[%clk 0:00:54]} 48. Rxe6
{[%clk 0:07:58]} Rxe6 {[%clk 0:01:20]} 49. Kc2 {[%clk 0:08:16]} e4
{[%clk 0:01:19]} 50. Ra1 {[%clk 0:06:12]} Ke5 {[%clk 0:01:12]} 51. Kd2
{[%clk 0:06:31]} Rd6+ {[%clk 0:01:05]} 52. Ke2 {[%clk 0:06:51]} Rd3
{[%clk 0:01:28]} 53. Rc1 {[%clk 0:06:44]} Rh3 {[%clk 0:01:07]} 54. Rf1
{[%clk 0:06:38]} Kd5 {[%clk 0:01:12]} 55. Rd1+ {[%clk 0:04:30]} Ke5 56. Rd2 e3
{[%clk 0:01:05]} 57. Rd8 {[%clk 0:04:40]} Rh2+ {[%clk 0:01:19]} 58. Kxe3
{[%clk 0:05:03]} Rxb2 {[%clk 0:01:48]} 59. Kd3 {[%clk 0:05:17]} Rb7
{[%clk 0:01:49]} 60. c4 {[%clk 0:05:13]} Rb3+ {[%clk 0:00:59]} 61. Kc2
{[%clk 0:03:36]} Rh3 {[%clk 0:01:26]} 62. Kb2 {[%clk 0:03:52]} Ke6
{[%clk 0:01:28]} 63. Rd1 {[%clk 0:03:37]} Ke7 {[%clk 0:01:42]} 64. Rd2
{[%clk 0:03:53]} Rg3 {[%clk 0:01:58]} 65. Rd4 {[%clk 0:03:53]} Rh3
{[%clk 0:02:08]} 66. c5 {[%clk 0:04:19]} Rh5 {[%clk 0:02:07]} 67. Rc4
{[%clk 0:04:44]} Kd7 {[%clk 0:02:29]} 68. Kc3 {[%clk 0:04:59]} Kc6
{[%clk 0:02:31]} 69. Kb4 {[%clk 0:05:25]} Rh1 {[%clk 0:02:38]} 70. Rc2
{[%clk 0:05:46]} Rh4+ {[%clk 0:02:52]} 1/2-1/2

[Event "Fide"]
[Site "?"]
[Date "2019.12.31"]
[Round "9.18"]
[White "Czernek, Tymon"]
[Black "Luczak, Filip"]
[Result "1/2-1/2"]
[BlackElo "2137"]
[WhiteElo "2097"]
[LiveChessVersion "1.4.8"]

1. e4 {[%clk 1:30:59]} g6 {[%clk 1:30:56]} 2. d4 {[%clk 1:30:50]} Bg7
{[%clk 1:31:21]} 3. f4 {[%clk 1:29:43]} d5 {[%clk 1:28:41]} 4. e5
{[%clk 1:29:32]} Nh6 {[%clk 1:28:06]} 5. Nf3 {[%clk 1:29:24]} O-O
{[%clk 1:26:31]} 6. Bd3 {[%clk 1:28:14]} Bf5 {[%clk 1:24:38]} 7. Bxf5
{[%clk 1:21:54]} Nxf5 {[%clk 1:24:04]} 8. g4 {[%clk 1:20:57]} Nh6
{[%clk 1:24:22]} 9. Rg1 {[%clk 1:21:20]} f5 {[%clk 1:17:14]} 10. g5
{[%clk 1:19:39]} Nf7 {[%clk 1:17:29]} 11. h4 {[%clk 1:19:59]} e6 {[%clk 1:09:16]}
12. h5 {[%clk 1:19:16]} Re8 {[%clk 1:07:37]} 13. hxg6 {[%clk 1:17:04]} hxg6
{[%clk 1:08:01]} 14. Nh4 {[%clk 1:16:55]} Nh8 {[%clk 1:08:06]} 15. Rh1
{[%clk 1:16:15]} Kf7 {[%clk 1:06:48]} 16. Be3 {[%clk 1:13:30]} Nd7
{[%clk 1:05:58]} 17. Nd2 {[%clk 1:12:57]} Rc8 {[%clk 1:04:00]} 18. Qe2
{[%clk 1:08:17]} b6 {[%clk 1:00:59]} 19. Nhf3 {[%clk 1:07:26]} Kg8
{[%clk 0:57:48]} 20. Kf2 {[%clk 1:02:36]} Nf7 {[%clk 0:55:59]} 21. Rh3
{[%clk 0:59:59]} c5 {[%clk 0:53:28]} 22. c3 {[%clk 1:00:21]} c4 {[%clk 0:52:17]}
23. Rah1 {[%clk 1:00:27]} Nf8 {[%clk 0:48:32]} 24. Ke1 {[%clk 0:57:40]} Qd7
{[%clk 0:45:03]} 25. a3 {[%clk 0:52:42]} Qa4 {[%clk 0:42:33]} 26. Nf1
{[%clk 0:48:24]} a5 {[%clk 0:38:15]} 27. Nh4 {[%clk 0:45:19]} b5 {[%clk 0:35:24]}
28. Qd1 {[%clk 0:39:30]} Qxd1+ {[%clk 0:34:39]} 29. Kxd1 {[%clk 0:39:59]} Ra8
{[%clk 0:33:29]} 30. Bd2 {[%clk 0:38:24]} Reb8 {[%clk 0:33:38]} 31. Ne3
{[%clk 0:37:56]} Nd8 {[%clk 0:33:00]} 32. Nc2 {[%clk 0:37:33]} Nc6
{[%clk 0:31:39]} 33. Ke2 {[%clk 0:37:36]} Kf7 {[%clk 0:31:37]} 34. Nf3
{[%clk 0:34:18]} Nd7 {[%clk 0:30:41]} 35. Rh7 {[%clk 0:33:39]} Nb6
{[%clk 0:27:18]} 36. Ra1 {[%clk 0:32:29]} Na4 {[%clk 0:26:25]} 37. Rb1
{[%clk 0:32:07]} Kg8 {[%clk 0:24:51]} 38. Rhh1 {[%clk 0:29:29]} Bf8
{[%clk 0:22:28]} 39. b3 {[%clk 0:29:12]} Nb6 {[%clk 0:22:08]} 40. b4
{[%clk 0:29:14]} axb4 {[%clk 0:21:31]} 41. axb4 {[%clk 0:28:50]} Ra2
{[%clk 0:20:45]} 42. Rhc1 {[%clk 0:28:16]} Rba8 {[%clk 0:17:11]} 43. Ra1
{[%clk 0:27:45]} Rxa1 {[%clk 0:16:49]} 1/2-1/2

[Event "Fide"]
[Site "?"]
[Date "2019.12.31"]
[Round "9.19"]
[White "Wikar, Martyna"]
[Black "Siekanska, Maria"]
[Result "1-0"]
[BlackElo "1773"]
[WhiteElo "1978"]
[LiveChessVersion "1.4.8"]

1. e4 {[%clk 1:30:56]} c5 {[%clk 1:30:55]} 2. Nf3 {[%clk 1:31:17]} e6
{[%clk 1:31:20]} 3. d3 {[%clk 1:31:43]} d5 {[%clk 1:31:22]} 4. Nbd2
{[%clk 1:32:04]} Nc6 {[%clk 1:31:11]} 5. g3 {[%clk 1:32:22]} Nf6 {[%clk 1:31:25]}
6. Bg2 {[%clk 1:32:41]} Be7 {[%clk 1:31:43]} 7. O-O {[%clk 1:32:54]} d4
{[%clk 1:30:43]} 8. e5 {[%clk 1:31:19]} Nd7 {[%clk 1:29:50]} 9. Qe2
{[%clk 1:30:02]} Qc7 {[%clk 1:29:03]} 10. Re1 {[%clk 1:30:22]} O-O
{[%clk 1:28:50]} 11. Nf1 {[%clk 1:28:54]} b5 {[%clk 1:24:15]} 12. h4
{[%clk 1:28:31]} a5 {[%clk 1:19:40]} 13. h5 {[%clk 1:28:32]} Re8 {[%clk 1:16:48]}
14. Bf4 {[%clk 1:28:11]} Bb7 {[%clk 1:14:49]} 15. h6 {[%clk 1:25:33]} g6
{[%clk 1:14:55]} 16. N1h2 {[%clk 1:25:30]} c4 {[%clk 1:11:39]} 17. Ng4
{[%clk 1:19:11]} a4 {[%clk 1:08:21]} 18. Bg5 {[%clk 1:06:20]} Bf8
{[%clk 1:01:41]} 19. dxc4 {[%clk 1:01:11]} bxc4 {[%clk 1:00:45]} 20. Rad1
{[%clk 0:56:57]} Bb4 {[%clk 0:53:02]} 21. Nxd4 {[%clk 0:43:29]} Bxe1
{[%clk 0:44:44]} 22. Nb5 {[%clk 0:31:51]} Qb6 {[%clk 0:34:00]} 23. Rxd7
{[%clk 0:31:05]} Qxb5 {[%clk 0:33:43]} 24. Qxe1 {[%clk 0:20:45]} Red8
{[%clk 0:22:28]} 25. Bxd8 {[%clk 0:19:37]} Nxd8 {[%clk 0:22:22]} 26. Qd2
{[%clk 0:18:52]} Qb6 {[%clk 0:22:02]} 27. Bxb7 {[%clk 0:18:52]} 1-0

[Event "Fide"]
[Site "?"]
[Date "2019.12.31"]
[Round "9.20"]
[White "Malaczek, Mateusz"]
[Black "Czechowski, Jakub"]
[Result "1-0"]
[BlackElo "1963"]
[WhiteElo "2028"]
[LiveChessVersion "1.4.8"]

1. c4 {[%clk 1:30:57]} g6 {[%clk 1:30:51]} 2. Nf3 {[%clk 1:31:14]} Bg7
{[%clk 1:31:16]} 3. g3 {[%clk 1:31:36]} Nf6 {[%clk 1:31:39]} 4. Bg2
{[%clk 1:32:00]} O-O {[%clk 1:32:05]} 5. O-O {[%clk 1:32:26]} c6 {[%clk 1:32:31]}
6. Nc3 {[%clk 1:32:45]} d5 {[%clk 1:32:45]} 7. cxd5 {[%clk 1:33:10]} cxd5
{[%clk 1:33:14]} 8. d4 {[%clk 1:33:32]} Nc6 {[%clk 1:33:36]} 9. Ne5
{[%clk 1:33:43]} e6 {[%clk 1:33:19]} 10. Nxc6 {[%clk 1:32:58]} bxc6
{[%clk 1:33:48]} 11. Bf4 {[%clk 1:32:26]} Nh5 {[%clk 1:23:48]} 12. Be3
{[%clk 1:31:40]} Rb8 {[%clk 1:23:15]} 13. b3 {[%clk 1:30:39]} c5 {[%clk 1:23:26]}
14. Rc1 {[%clk 1:30:40]} Qf6 {[%clk 1:20:32]} 15. dxc5 {[%clk 1:27:00]} d4
{[%clk 1:21:00]} 16. Ne4 {[%clk 1:27:20]} Qe5 {[%clk 1:20:48]} 17. f4
{[%clk 1:25:01]} Qc7 {[%clk 1:20:43]} 18. Bxd4 {[%clk 1:23:36]} Rd8
{[%clk 1:20:42]} 19. Nd6 {[%clk 1:18:08]} Ba6 {[%clk 1:20:29]} 20. Bxg7
{[%clk 1:16:59]} Nxg7 {[%clk 1:20:55]} 21. Qc2 {[%clk 1:16:53]} Nf5
{[%clk 1:19:24]} 22. Nxf5 {[%clk 1:16:06]} exf5 {[%clk 1:19:52]} 23. Rfd1
{[%clk 1:15:59]} Qe7 {[%clk 1:19:29]} 24. Rxd8+ {[%clk 1:14:10]} Rxd8
{[%clk 1:19:57]} 25. e4 {[%clk 1:14:07]} fxe4 {[%clk 1:18:45]} 26. Qxe4
{[%clk 1:14:00]} Qd7 {[%clk 1:17:50]} 27. c6 {[%clk 1:11:40]} Qd2
{[%clk 1:17:53]} 28. Qc2 {[%clk 0:49:13]} Qe3+ {[%clk 1:16:52]} 29. Kh1
{[%clk 0:49:37]} Rd2 {[%clk 1:10:02]} 30. Qe4 {[%clk 0:49:00]} Qf2
{[%clk 1:10:25]} 31. Qf3 {[%clk 0:47:47]} Qd4 {[%clk 1:10:40]} 32. c7
{[%clk 0:45:58]} Kg7 {[%clk 1:10:00]} 33. h4 {[%clk 0:29:35]} Rd3
{[%clk 1:05:20]} 34. Qe4 {[%clk 0:28:04]} Qd7 {[%clk 1:04:17]} 35. Qc6
{[%clk 0:19:20]} Qg4 {[%clk 1:02:57]} 36. Qxa6 {[%clk 0:18:50]} Qxg3
{[%clk 1:02:27]} 37. Qxd3 {[%clk 0:18:33]} 1-0

[Event "Fide"]
[Site "?"]
[Date "2019.12.31"]
[Round "9.21"]
[White "Wojtaszewski, Piotr"]
[Black "Jarocka, Liwia"]
[Result "1-0"]
[BlackElo "1907"]
[WhiteElo "2045"]
[LiveChessVersion "1.4.8"]

1. c4 {[%clk 1:30:40]} e5 {[%clk 1:30:57]} 2. g3 {[%clk 1:31:03]} Nc6
{[%clk 1:31:22]} 3. Bg2 {[%clk 1:31:28]} f5 {[%clk 1:31:45]} 4. Nc3
{[%clk 1:31:53]} Nf6 {[%clk 1:31:48]} 5. e3 {[%clk 1:32:03]} d5 {[%clk 1:29:06]}
6. cxd5 {[%clk 1:28:58]} Nb4 {[%clk 1:29:16]} 7. d3 {[%clk 1:27:40]} Nbxd5
{[%clk 1:29:31]} 8. Nge2 {[%clk 1:27:02]} Nxc3 {[%clk 1:27:33]} 9. bxc3
{[%clk 1:27:10]} Bd6 {[%clk 1:25:48]} 10. Qb3 {[%clk 1:25:38]} c6
{[%clk 1:23:49]} 11. O-O {[%clk 1:20:26]} Qe7 {[%clk 1:23:53]} 12. Rb1
{[%clk 1:19:11]} Rb8 {[%clk 1:21:51]} 13. c4 {[%clk 1:16:51]} Be6
{[%clk 1:19:20]} 14. d4 {[%clk 1:15:54]} e4 {[%clk 1:17:44]} 15. Qa4
{[%clk 1:14:52]} O-O {[%clk 1:14:24]} 16. Bd2 {[%clk 1:13:41]} a6
{[%clk 1:13:08]} 17. c5 {[%clk 1:13:41]} Bc7 {[%clk 1:13:17]} 18. Rb2
{[%clk 1:13:49]} g5 {[%clk 1:07:41]} 19. Rfb1 {[%clk 1:12:50]} Bc8
{[%clk 1:07:21]} 20. Ba5 {[%clk 1:12:35]} Bxa5 {[%clk 1:05:37]} 21. Qxa5
{[%clk 1:13:00]} h5 {[%clk 1:04:57]} 22. d5 {[%clk 1:10:34]} Nxd5
{[%clk 1:04:18]} 23. Nd4 {[%clk 1:10:54]} Ra8 {[%clk 1:03:23]} 24. Qd2
{[%clk 1:05:33]} Qxc5 {[%clk 1:01:29]} 25. Qd1 {[%clk 1:05:53]} g4
{[%clk 0:56:17]} 26. Rc1 {[%clk 1:05:53]} Qe7 {[%clk 0:55:04]} 27. Bf1
{[%clk 1:05:02]} Rf7 {[%clk 0:50:38]} 28. Nxc6 {[%clk 1:02:29]} bxc6
{[%clk 0:49:52]} 29. Rxc6 {[%clk 1:02:46]} Be6 {[%clk 0:36:56]} 30. Bc4
{[%clk 0:59:01]} Nc3 {[%clk 0:35:50]} 31. Rxe6 {[%clk 0:56:09]} Qxe6
{[%clk 0:16:48]} 32. Qd4 {[%clk 0:48:38]} Qc8 {[%clk 0:13:14]} 33. Rb6
{[%clk 0:45:04]} Raa7 {[%clk 0:05:26]} 34. Rh6 {[%clk 0:44:44]} Ne2+
{[%clk 0:05:10]} 35. Bxe2 {[%clk 0:45:08]} Rh7 {[%clk 0:04:43]} 36. Bc4+
{[%clk 0:45:22]} Kf8 {[%clk 0:04:58]} 37. Qd6+ {[%clk 0:43:58]} Ke8
{[%clk 0:04:39]} 38. Rxh7 {[%clk 0:44:01]} Rxh7 {[%clk 0:05:03]} 39. Qg6+
{[%clk 0:44:29]} Kd8 {[%clk 0:04:57]} 40. Qg8+ {[%clk 0:44:50]} 1-0

[Event "Fide"]
[Site "?"]
[Date "2019.12.31"]
[Round "9.22"]
[White "Harazinska, Magdalena"]
[Black "Derylo, Kamil"]
[Result "0-1"]
[BlackElo "1999"]
[WhiteElo "1994"]
[LiveChessVersion "1.4.8"]

1. d4 {[%clk 1:30:54]} Nf6 {[%clk 1:30:55]} 2. c4 {[%clk 1:31:21]} c5
{[%clk 1:31:20]} 3. d5 {[%clk 1:31:35]} b5 {[%clk 1:31:39]} 4. Qc2
{[%clk 1:31:33]} b4 {[%clk 1:31:57]} 5. e4 {[%clk 1:27:40]} d6 {[%clk 1:32:21]}
6. Nf3 {[%clk 1:19:08]} g6 {[%clk 1:31:38]} 7. Bd3 {[%clk 1:18:29]} Bg7
{[%clk 1:31:45]} 8. h3 {[%clk 1:15:48]} O-O {[%clk 1:31:53]} 9. O-O
{[%clk 1:15:20]} e5 {[%clk 1:31:04]} 10. a3 {[%clk 1:07:37]} Na6 {[%clk 1:28:16]}
11. Bg5 {[%clk 1:03:13]} h6 {[%clk 1:27:14]} 12. Bd2 {[%clk 0:56:44]} Qb6
{[%clk 1:27:10]} 13. axb4 {[%clk 0:54:00]} Nxb4 {[%clk 1:26:46]} 14. Bxb4
{[%clk 0:54:25]} cxb4 {[%clk 1:22:40]} 15. c5 {[%clk 0:46:30]} Qxc5
{[%clk 1:22:01]} 16. Qxc5 {[%clk 0:44:44]} dxc5 {[%clk 1:22:25]} 17. Rc1
{[%clk 0:43:33]} Bb7 {[%clk 0:56:02]} 18. Rxc5 {[%clk 0:40:32]} Bxd5
{[%clk 0:55:27]} 19. Nbd2 {[%clk 0:36:41]} Be6 {[%clk 0:53:58]} 20. Rca5
{[%clk 0:25:44]} Rfd8 {[%clk 0:53:04]} 21. Bb5 {[%clk 0:25:01]} Rab8
{[%clk 0:52:06]} 22. Bf1 {[%clk 0:23:13]} b3 {[%clk 0:44:07]} 23. Rxa7
{[%clk 0:20:24]} Rbc8 {[%clk 0:44:19]} 24. R7a5 {[%clk 0:09:31]} Rc2
{[%clk 0:43:58]} 25. Ra8 {[%clk 0:09:22]} Rxa8 {[%clk 0:43:37]} 26. Rxa8+
{[%clk 0:09:47]} Kh7 {[%clk 0:43:53]} 27. Rb8 {[%clk 0:07:50]} Rxb2
{[%clk 0:43:55]} 28. Nc4 {[%clk 0:04:14]} Rc2 {[%clk 0:42:59]} 29. Nfd2
{[%clk 0:02:56]} Nxe4 {[%clk 0:41:44]} 30. Nxe4 {[%clk 0:03:03]} Bxc4
{[%clk 0:41:55]} 31. Bxc4 {[%clk 0:03:10]} Rxc4 {[%clk 0:42:23]} 32. Nd2
{[%clk 0:03:24]} Rc1+ {[%clk 0:42:47]} 33. Kh2 {[%clk 0:03:44]} Rc2
{[%clk 0:42:44]} 34. Nxb3 {[%clk 0:04:00]} Rxf2 {[%clk 0:39:31]} 35. Nc5
{[%clk 0:03:16]} e4 {[%clk 0:36:17]} 36. Re8 {[%clk 0:02:16]} e3 {[%clk 0:36:32]}
37. Ne4 {[%clk 0:01:42]} Bd4 {[%clk 0:36:38]} 38. Ng3 {[%clk 0:01:24]} Rb2
{[%clk 0:36:13]} 39. Re4 {[%clk 0:01:34]} Bc5 {[%clk 0:36:08]} 40. Re5
{[%clk 0:01:37]} Bb6 {[%clk 0:35:54]} 41. Re8 {[%clk 0:01:34]} f5
{[%clk 0:33:05]} 42. Kh1 {[%clk 0:01:10]} Kg7 {[%clk 0:32:51]} 43. Rb8
{[%clk 0:00:35]} Kf6 {[%clk 0:31:09]} 44. h4 {[%clk 0:00:39]} e2 {[%clk 0:31:06]}
45. Nxe2 {[%clk 0:00:55]} Rb1+ {[%clk 0:31:28]} 0-1

[Event "Fide"]
[Site "?"]
[Date "2019.12.31"]
[Round "9.23"]
[White "Praczukowski, Stanislaw"]
[Black "Skurniak, Szymon"]
[Result "1-0"]
[BlackElo "2030"]
[WhiteElo "2078"]
[LiveChessVersion "1.4.8"]

1. e4 {[%clk 1:30:58]} c5 {[%clk 1:29:13]} 2. Nf3 {[%clk 1:31:22]} d6
{[%clk 1:29:31]} 3. d4 {[%clk 1:31:45]} cxd4 {[%clk 1:29:36]} 4. Nxd4
{[%clk 1:31:48]} Nf6 {[%clk 1:30:03]} 5. Nc3 {[%clk 1:32:13]} Nc6
{[%clk 1:30:25]} 6. Be2 {[%clk 1:32:37]} e5 {[%clk 1:30:43]} 7. Nf3
{[%clk 1:32:45]} h6 {[%clk 1:31:11]} 8. O-O {[%clk 1:32:47]} Be7 {[%clk 1:31:35]}
9. Re1 {[%clk 1:33:04]} O-O {[%clk 1:31:59]} 10. h3 {[%clk 1:33:25]} Be6
{[%clk 1:31:42]} 11. Bf1 {[%clk 1:33:46]} Nb8 {[%clk 1:31:55]} 12. b3
{[%clk 1:33:01]} a6 {[%clk 1:32:00]} 13. a4 {[%clk 1:33:06]} Nbd7
{[%clk 1:32:23]} 14. Bb2 {[%clk 1:33:11]} Qc7 {[%clk 1:32:46]} 15. Nd2
{[%clk 1:32:43]} Qc6 {[%clk 1:32:00]} 16. Nc4 {[%clk 1:21:47]} Nc5
{[%clk 1:20:37]} 17. Qf3 {[%clk 1:18:23]} Rfe8 {[%clk 1:16:53]} 18. Rad1
{[%clk 1:08:16]} b6 {[%clk 0:55:08]} 19. a5 {[%clk 0:58:08]} Bxc4
{[%clk 0:50:49]} 20. Bxc4 {[%clk 0:58:00]} b5 {[%clk 0:51:13]} 21. Bd5
{[%clk 0:52:55]} Nxd5 {[%clk 0:49:09]} 22. Nxd5 {[%clk 0:52:08]} Nb7
{[%clk 0:44:31]} 23. Bc3 {[%clk 0:44:32]} Bd8 {[%clk 0:40:14]} 24. b4
{[%clk 0:42:07]} Rc8 {[%clk 0:35:46]} 25. Rd3 {[%clk 0:38:29]} Qc4
{[%clk 0:34:03]} 26. Qf5 {[%clk 0:37:29]} g6 {[%clk 0:33:55]} 27. Rg3
{[%clk 0:36:26]} Re6 {[%clk 0:29:12]} 28. Qg4 {[%clk 0:32:00]} Kh7
{[%clk 0:27:11]} 29. Rf3 {[%clk 0:28:19]} Kg7 {[%clk 0:25:23]} 30. Nf4
{[%clk 0:25:54]} Bg5 {[%clk 0:25:17]} 31. Nxe6+ {[%clk 0:25:51]} Qxe6
{[%clk 0:25:41]} 32. Qxe6 {[%clk 0:25:15]} fxe6 {[%clk 0:26:09]} 33. Rd1
{[%clk 0:23:27]} Bf6 {[%clk 0:23:04]} 34. Rfd3 {[%clk 0:22:25]} Rc4
{[%clk 0:23:27]} 35. f4 {[%clk 0:19:33]} Rxe4 {[%clk 0:21:35]} 36. fxe5
{[%clk 0:19:47]} Bxe5 {[%clk 0:21:57]} 37. Bxe5+ {[%clk 0:19:52]} Rxe5
{[%clk 0:22:26]} 38. Rc3 {[%clk 0:19:51]} Rf5 {[%clk 0:22:45]} 39. Rf1
{[%clk 0:19:47]} Kf6 {[%clk 0:22:31]} 40. Rc6 {[%clk 0:19:44]} Ke5
{[%clk 0:22:43]} 41. Rxa6 {[%clk 0:19:01]} Kd5 1-0

[Event "Fide"]
[Site "?"]
[Date "2019.12.31"]
[Round "9.24"]
[White "Hetzer, Volkhard"]
[Black "Jurkiewicz, Krzysztof"]
[Result "0-1"]
[BlackElo "2023"]
[WhiteElo "1927"]
[LiveChessVersion "1.4.8"]

1. c4 {[%clk 1:24:24]} Nf6 {[%clk 1:30:55]} 2. Nc3 {[%clk 1:24:51]} g6
{[%clk 1:31:21]} 3. g3 {[%clk 1:24:23]} Bg7 {[%clk 1:31:46]} 4. Bg2
{[%clk 1:24:51]} O-O {[%clk 1:32:08]} 5. Nf3 {[%clk 1:25:16]} d6 {[%clk 1:32:28]}
6. O-O {[%clk 1:25:41]} Nc6 {[%clk 1:32:39]} 7. d3 {[%clk 1:25:05]} e5
{[%clk 1:31:47]} 8. Rb1 {[%clk 1:17:50]} a5 {[%clk 1:31:56]} 9. a3
{[%clk 1:18:15]} Bg4 {[%clk 1:27:00]} 10. h3 {[%clk 1:14:03]} Bd7
{[%clk 1:27:00]} 11. b4 {[%clk 1:14:00]} axb4 {[%clk 1:27:25]} 12. axb4
{[%clk 1:14:25]} Qc8 {[%clk 1:27:30]} 13. Kh2 {[%clk 1:14:43]} Re8
{[%clk 1:25:56]} 14. b5 {[%clk 1:09:32]} Na5 {[%clk 1:20:47]} 15. Nd2
{[%clk 1:03:01]} Rb8 {[%clk 1:10:08]} 16. b6 {[%clk 0:54:50]} cxb6
{[%clk 1:07:30]} 17. Ba3 {[%clk 0:48:49]} Bf8 {[%clk 1:00:53]} 18. Nde4
{[%clk 0:38:52]} Nxe4 {[%clk 0:58:44]} 19. Nxe4 {[%clk 0:38:38]} Qd8
{[%clk 0:55:21]} 20. Bxd6 {[%clk 0:33:53]} Bxd6 {[%clk 0:54:17]} 21. Nxd6
{[%clk 0:34:17]} Re6 {[%clk 0:54:22]} 22. Nb5 {[%clk 0:32:39]} Bc6
{[%clk 0:51:53]} 23. Nc3 {[%clk 0:31:33]} Bxg2 {[%clk 0:51:26]} 24. Kxg2
{[%clk 0:31:57]} Qd4 {[%clk 0:45:29]} 25. Nd5 {[%clk 0:21:49]} e4
{[%clk 0:45:30]} 26. Qd2 {[%clk 0:18:22]} Nxc4 {[%clk 0:44:23]} 27. Qb4
{[%clk 0:16:01]} exd3 {[%clk 0:42:19]} 28. Ne7+ {[%clk 0:14:42]} Kg7
{[%clk 0:40:40]} 29. exd3 {[%clk 0:15:02]} Qxd3 {[%clk 0:40:00]} 30. Rfe1
{[%clk 0:13:55]} Qd4 {[%clk 0:30:41]} 31. Rxe6 {[%clk 0:07:18]} fxe6
{[%clk 0:31:03]} 32. Qe1 {[%clk 0:07:40]} Rf8 {[%clk 0:20:23]} 33. Rb4
{[%clk 0:02:26]} Kf7 {[%clk 0:17:13]} 34. Qe2 {[%clk 0:00:33]} Ne3+
{[%clk 0:16:32]} 35. Kg1 Nd1 36. Qxd1 0-1

[Event "Fide"]
[Site "?"]
[Date "2019.12.31"]
[Round "9.26"]
[White "Zarebska, Lena"]
[Black "Janeczko, Jakub"]
[Result "1-0"]
[BlackElo "1906"]
[WhiteElo "1915"]
[LiveChessVersion "1.4.8"]

1. e4 {[%clk 1:30:58]} c5 {[%clk 1:30:56]} 2. Nf3 {[%clk 1:31:24]} Nc6
{[%clk 1:31:22]} 3. d4 {[%clk 1:31:47]} cxd4 {[%clk 1:31:48]} 4. Nxd4
{[%clk 1:32:13]} Nf6 {[%clk 1:32:13]} 5. Nc3 {[%clk 1:32:39]} e6 {[%clk 1:32:38]}
6. Ndb5 {[%clk 1:29:30]} d6 {[%clk 1:30:56]} 7. Bf4 {[%clk 1:29:39]} e5
{[%clk 1:31:21]} 8. Bg5 {[%clk 1:30:03]} a6 {[%clk 1:31:47]} 9. Na3
{[%clk 1:30:25]} b5 {[%clk 1:32:12]} 10. Nd5 {[%clk 1:27:26]} Be7
{[%clk 1:32:36]} 11. Bxf6 {[%clk 1:27:39]} Bxf6 {[%clk 1:32:59]} 12. c3
{[%clk 1:22:46]} Bg5 {[%clk 1:33:23]} 13. Nc2 {[%clk 1:22:01]} Rb8
{[%clk 1:33:48]} 14. g3 {[%clk 1:20:38]} a5 {[%clk 1:26:54]} 15. b3
{[%clk 1:16:44]} O-O {[%clk 1:25:38]} 16. Bg2 {[%clk 1:16:45]} Ne7
{[%clk 1:22:41]} 17. Nce3 {[%clk 1:16:03]} Be6 {[%clk 1:21:51]} 18. h4
{[%clk 1:13:19]} Bh6 {[%clk 1:19:15]} 19. O-O {[%clk 1:13:06]} Nxd5
{[%clk 1:16:05]} 20. Nxd5 {[%clk 1:13:18]} g6 {[%clk 1:10:33]} 21. Qd3
{[%clk 0:53:39]} f5 {[%clk 1:06:26]} 22. h5 {[%clk 0:40:11]} f4 {[%clk 0:58:39]}
23. hxg6 {[%clk 0:40:13]} hxg6 {[%clk 0:59:04]} 24. a4 {[%clk 0:26:01]} bxa4
{[%clk 0:57:19]} 25. bxa4 {[%clk 0:26:21]} g5 {[%clk 0:52:44]} 26. Rfb1
{[%clk 0:24:10]} g4 {[%clk 0:52:13]} 27. Rxb8 {[%clk 0:24:12]} Qxb8
{[%clk 0:52:29]} 28. gxf4 {[%clk 0:22:57]} Bxf4 {[%clk 0:51:58]} 29. Rb1
{[%clk 0:20:08]} Qa7 {[%clk 0:51:35]} 30. Rb6 {[%clk 0:12:54]} g3
{[%clk 0:50:00]} 31. fxg3 {[%clk 0:12:46]} Bxd5 {[%clk 0:49:54]} 32. Qxd5+
{[%clk 0:13:08]} Kh8 {[%clk 0:50:20]} 33. gxf4 {[%clk 0:12:25]} Qxb6+
{[%clk 0:50:44]} 34. Kh2 {[%clk 0:12:29]} Rxf4 {[%clk 0:50:33]} 35. Qd2
{[%clk 0:12:29]} Qf2 {[%clk 0:50:56]} 36. Qxf2 {[%clk 0:12:18]} Rxf2
{[%clk 0:51:20]} 37. Kg3 {[%clk 0:12:46]} Ra2 {[%clk 0:51:18]} 38. Kf3
{[%clk 0:12:02]} Rxa4 {[%clk 0:51:41]} 39. Ke3 {[%clk 0:12:24]} Rc4
{[%clk 0:52:05]} 40. Kd3 {[%clk 0:12:48]} Rc5 {[%clk 0:52:32]} 41. Bh3
{[%clk 0:12:58]} Kg7 {[%clk 0:52:48]} 42. Be6 {[%clk 0:13:03]} Kf6
{[%clk 0:53:06]} 43. Bb3 {[%clk 0:13:15]} Kg5 {[%clk 0:53:31]} 44. Ba4
{[%clk 0:12:59]} Kf4 {[%clk 0:53:51]} 45. Bb3 {[%clk 0:13:20]} Rc7
{[%clk 0:54:09]} 46. Bc2 {[%clk 0:11:23]} Rc5 {[%clk 0:53:49]} 47. Bb3
{[%clk 0:11:49]} Rb5 {[%clk 0:54:11]} 48. Ba4 {[%clk 0:10:16]} Rb2
{[%clk 0:54:35]} 49. Bc6 {[%clk 0:10:27]} Rb1 {[%clk 0:54:53]} 50. Kc4
{[%clk 0:09:10]} a4 {[%clk 0:55:17]} 51. Bxa4 {[%clk 0:09:31]} Kxe4
{[%clk 0:55:40]} 52. Bc2+ {[%clk 0:09:57]} Kd5+ 1-0